000 00623nam a22002297a 4500
003 UA-OsUOA
001 52924
007 ta
008 20080306b un ||||| |||| 00| 0 ukr d
090 _a94(477).092
_bГ39
942 _cBK
040 _aUA-OsUOA
_bukr
_cUA-OsUOA
_dUA-OsUOA
245 _aГерої визволення України
_cМашовець П. Л.
300 _a111 с.
955 _a2
041 _aukr
080 _a94(477).092
020 _a978-966-524-264-2
260 _aК.
_bУкраїна
_c2007
650 7 _a9 Географія. Біографії. Історія
_2UDC
999 _c339007
_d339007